000 00365 a2200109 4500
001 ART_40039
005 20260410161842.0
008 260409a
245 1 0 _aAlgo más sobre la Ley Nº 20.124 Ley de contrataciones para el ámbito de las Fuerzas Armadas
100 1 _aTorres, Ismael F.
773 0 _tRAP
_g- Año 23, Nº 272 (may. 2001)
_wREV5941
999 _c24158
_d24158